| 000 | 02130cam a22005414i 4500 | ||
|---|---|---|---|
| 003 | PE-LiUPU | ||
| 005 | 20250731184540.0 | ||
| 008 | 190318s2017 ne rb 001 0 eng d | ||
| 020 | _a9004330615 | ||
| 020 | _a9789004330610 | ||
| 035 | _a(Sirsi) a251967 | ||
| 040 |
_aPE-LiUPU _bspa _cPE-LiUPU _erda _dPE-LiUPU _erda |
||
| 049 | _aPRUA | ||
| 082 | 0 | 4 |
_a909.04924 _bJ74 _220 |
| 100 | 1 |
_aJosephus, Flavius, _eautor. |
|
| 245 | 1 | 0 |
_aFlavius Josephus : _btranslation and commentary. _nVolume 6A, _pJudean antiquities 11 / _cFlavius Antiquitates ; edited by Steve Mason ; translation and commentary by Paul Spilsbury, Chris Seeman. |
| 264 | 1 |
_aLeiden : _bBrill, _c[2017]. |
|
| 300 |
_axxi, 184 páginas ; _c28 centímetros. |
||
| 336 |
_atext _2rdacontent |
||
| 337 |
_aunmediated _2rdamedia |
||
| 338 |
_avolume _2rdacarrier |
||
| 504 | _aBibliografía: páginas 149-155. | ||
| 504 | _aÍndice: páginas 157-[186]. | ||
| 505 | 0 | _aAntiquities 11.1-183 Traslation and comentary -- Introduction to Josephus' account of Esther -- Antiquities 11.184-296 Translation and commentary -- Introduction to Josephus' account of the later Persian period -- Antiquities 11.297-347 Translation and commentary -- Appendix: Alexander in Jerusalem: The extra-Josephan traditions (Ory Amitay). | |
| 526 | _aP136 | ||
| 526 | _aP135 | ||
| 526 | _aP134 | ||
| 526 | _aP133 | ||
| 526 | _aP144 | ||
| 526 | _aP143 | ||
| 526 | _aP87 | ||
| 526 | _aP35 | ||
| 526 | _aP20 | ||
| 526 | _aP14 | ||
| 526 | _aP10 | ||
| 526 | _aP06 | ||
| 650 | 0 | 4 |
_aJudíos _xHistoria _yHasta 0070. |
| 650 | 7 |
_aJudaísmo. _91492 |
|
| 700 | 1 |
_aMason, Steve, _eeditor. |
|
| 700 | 1 |
_aSpilsbury, Paul, _ecomentarista. |
|
| 700 | 1 |
_aSeeman, Chris, _ecomentarista. |
|
| 910 |
_adbm _bsag _csag _d20190318 |
||
| 942 |
_2ddc _cBOOK |
||
| 994 |
_aC0 _bPEPRU |
||
| 596 | _a1 | ||
| 999 |
_a909.04924 J74 _wLC _c31227 _i79999 _f2021-11-11 _g2 _lCCODEBUL1 _mBUL _p114.40 _r0 _sY _tBOOK _u2019-3-18 _xTEOLOGIA _PP33 _0COMPRA _o.STAFF. Colección Teología _d31227 |
||
| 980 |
_81 _gALBERTO SANCHEZ Responsable de Automatización |
||